000 00586nam a2200109Ia 4500
008 220615s9999||||xx |||||||||||||| ||und||
245 0 _aTsunami Science and Engineering
546 _aEnglish[eng]
650 _aLong wave run-up||Tsunami hazard assessment||Tsunami early warning system||Tsunami forecasting||Tsunami loading on structures||Tsunami hazard mitigation||Seismic tsunamis||Tsunami-induced overland flow||Earthquake-tsunamis||Landslide-tsunamis||Landslide-generated impulse waves||Solitary waves||Impulse waves
856 _uhttp://www.mdpi.com/books/pdfview/book/209
942 _cEB
999 _c9533
_d9533